Fungus and Fungi Fun Quiz 🍄 - Statistics

General Stats
  • This quiz has been taken 257 times
    92 since last reset
  • The average score is 14 of 24
Answer Stats
Hint Answer % Correct
What mushrooms produce instead of seeds spore
96%
A single-celled fungus used to make bread rise, and to produce alcohol yeast
96%
Pigs and dogs help us find these delicacies. truffle
93%
Antibiotic discovered by Andrew Fleming, which is produced by a fungus penicillin
91%
The study of fungi mycology
81%
Condition caused by fungus between the toes athlete's foot
75%
The top of a mushroom cap
69%
Edible mushroom native to East Asia, with a Japanese name shiitake
67%
Important in this process, the breaking down of organic matter decomposition
66%
Two-word term for mushrooms that grow in a circle fairy ring
63%
The fruit of some fungi mushroom
63%
Another name for mushroom, especially a poisonous one toadstool
63%
Stachybotrys chartarum, which contaminates flooded homes black mold
51%
The web of small threads mushrooms grow from mycelium
51%
U.S. state where the world's largest known organism, a fungus, is found Oregon
49%
A partnership between algae and fungi, which can be hundreds of years old lichen
48%
Large, mature form of the button mushroom that is often grilled portobello
48%
Fungus that can be parasitic, infecting insects (or humans in The Last of Us) cordyceps
42%
Structures inside the top, used for the dispersal of... gills
40%
Species of red-and-white toadstool from folklore and fairy tales amanita {muscaria}
37%
Amanita phalloides, a deadly poisonous basidiomycete fungus death cap
36%
A fungal infection of the skin (aka Dermatophytosis) ringworm
31%
Toxic fungus that grows on rye; has been linked to historical mass hysteria events ergot
30%
Edible fungus with a honeycomb appearance morel
27%
No matching quizzes found
Score Distribution
Percent of People with Each Score
Percentile by Number Answered
Your Score History
You have not taken this quiz since the last reset